[Event "Paraguay Gran Prix U2300 08"]
[Site "Paraguay"]
[Date "2013.08.12"]
[Round "2.9"]
[White "Carbone, Jose Maria"]
[Black "Bleuer, Leonardo"]
[Result "1-0"]
[WhiteElo "1954"]
[BlackElo "1624"]
[PlyCount "63"]
[EventDate "2013.08.07"]
[EventType "swiss"]
[EventRounds "9"]
[EventCountry "ARG"]
[SourceTitle "EXT 2024"]
[Source "ChessBase"]
[SourceDate "2023.10.10"]
[SourceVersion "1"]
[SourceVersionDate "2023.10.10"]
[SourceQuality "1"]

1. d4 f5 2. g3 e6 3. Bg2 Nf6 4. Nf3 Be7 5. 0-0 0-0 6. c4 d6 7. b3 Nbd7 8. Bb2 Qe8 9. Nc3 Qh5 10. e3 g5 11. Nd2 Qg6 12. f4 g4 13. e4 h5 14. exf5 exf5 15. Re1 Re8 16. Nb5 Bd8 17. Rxe8+ Qxe8 18. Qe1 Qf8 19. Qe6+ Qf7 20. Qxf5 Nf8 21. Qd3 a6 22. Nc3 c6 23. Re1 Bd7 24. Nde4 Nxe4 25. Nxe4 Bc7 26. Qd2 Qg6 27. d5 Nh7 28. dxc6 Bb6+ 29. c5 dxc5 30. cxb7 Re8 31. Ng5 Rxe1+ 32. Qxe1 1-0

[Event "Buenos Aires Atletico River Plate"]
[Site "Buenos Aires"]
[Date "2012.??.??"]
[Round "2.4"]
[White "Galagovsky, Carlos"]
[Black "Bleuer, Leonardo"]
[Result "1-0"]
[WhiteElo "2095"]
[BlackElo "1627"]
[PlyCount "57"]
[EventDate "2012.08.04"]
[EventType "swiss"]
[EventRounds "7"]
[EventCountry "ARG"]
[SourceTitle "EXT 2024"]
[Source "ChessBase"]
[SourceDate "2023.10.10"]
[SourceVersion "1"]
[SourceVersionDate "2023.10.10"]
[SourceQuality "1"]

1. Nf3 f5 2. g3 Nf6 3. Bg2 e6 4. 0-0 Be7 5. c4 0-0 6. d4 d6 7. Nc3 Qe8 8. b3 Nbd7 9. Qc2 c6 10. Ba3 h6 11. Rae1 d5 12. Bxe7 Qxe7 13. cxd5 Nxd5 14. e4 Nxc3 15. Qxc3 f4 16. d5 c5 17. Nh4 Kh7 18. e5 fxg3 19. hxg3 g6 20. Be4 Rg8 21. Re3 exd5 22. Bxd5 Rg7 23. f4 Nf8 24. e6 Qd6 25. Qc4 Rb8 26. f5 b5 27. Qe4 Bb7 28. Bxb7 Rbxb7 29. f6 1-0